000 01084nam a2200337 i 4500
001 20404
003 KOSZ 005
005 20210118131507.0
008 961010s1980 pl f f |000 0 pol
040 _cKOSZ 005
_aKOSZ 005
_dKOSZ 005/HR
041 _apol
046 _k1979
080 _a621.3
080 _a(075.8+076)
100 1 _aGierczak, Ewa
_eAutor
245 0 _aZbiór zadań z elektrotechniki teoretycznej.
_nCz. 1 /
_cEwa Gierczak, Jerzy Suchański.
250 _aWyd. 2 [popr.].
260 _aKielce :
_bPŚ,
_c1980.
300 _as. 325 :
_brys., tab.
380 _aKsiążki
388 _a1901-2000
388 _a1945-1989
500 _aSkrypty Uczeln. Polit. Świętokrz. Nr 84-85.
504 _a[Zawiera bibliogr. s. 324].
650 7 _aElektrotechnika
655 7 _aĆwiczenia i zadania dla szkół wyższych
658 _aInżynieria i technika
700 1 _aSuchański, Jerzy
_d(1949- )
_eAutor
856 _uhttp://koha.tu.koszalin.pl/cgi-bin/koha/opac-detail.pl?biblionumber=20404
_yKatalog online BPK
942 _cKS
_2UKD
999 _c20404
_d20404